| 000 | 00385nam a2200157 i 4500 | ||
|---|---|---|---|
| 001 | 107413 | ||
| 003 | ES-MaACL | ||
| 005 | 20230906184420.0 | ||
| 007 | t| | ||
| 008 | 070115s1929 fr ||||1| fre d | ||
| 100 | 1 |
_aMorlet, A. _983598 |
|
| 245 | 1 | 0 |
_aGlozel / _cA. Morlet. |
| 260 |
_aParis : _bG. Desgrandchamps, _c1929. |
||
| 300 |
_a300 p. ; _c24 cm. |
||
| 852 |
_aES-MaACL _jA-125 |
||
| 999 |
_c107413 _d107413 |
||